[Event "EYCC 2024 - O10"]
[Site "?"]
[Date "2024.08.30"]
[Round "8.9"]
[White "Aghajanov, Eldar"]
[Black "Szakolczai, Alex"]
[Result "1-0"]
[BlackElo "1962"]
[WhiteElo "1667"]
[LiveChessVersion "1.4.8"]

1. e4 {[%clk 1:30:57]} c5 {[%clk 1:29:30]} 2. Nf3 {[%clk 1:31:22]} e6
{[%clk 1:29:55]} 3. d4 {[%clk 1:30:54]} cxd4 {[%clk 1:30:19]} 4. Nxd4
{[%clk 1:31:16]} a6 {[%clk 1:30:41]} 5. Nc3 {[%clk 1:31:28]} b5 {[%clk 1:31:04]}
6. a3 {[%clk 1:29:33]} Bb7 {[%clk 1:30:39]} 7. Be3 {[%clk 1:29:01]} Nf6
{[%clk 1:30:36]} 8. f3 {[%clk 1:28:24]} Qc7 {[%clk 1:28:18]} 9. Qd2
{[%clk 1:27:04]} b4 {[%clk 1:22:13]} 10. axb4 {[%clk 1:17:19]} Bxb4
{[%clk 1:22:29]} 11. Bd3 {[%clk 1:16:10]} d5 {[%clk 1:21:49]} 12. Ra4
{[%clk 1:08:52]} Bd6 {[%clk 1:19:11]} 13. exd5 {[%clk 0:59:42]} Nxd5
{[%clk 1:18:58]} 14. Nxd5 {[%clk 0:52:28]} Bxd5 {[%clk 1:19:18]} 15. c4
{[%clk 0:50:08]} Bb7 {[%clk 1:18:37]} 16. Kf2 {[%clk 0:45:09]} O-O
{[%clk 1:16:47]} 17. Qc2 {[%clk 0:40:36]} h6 {[%clk 1:16:08]} 18. g3
{[%clk 0:36:56]} Nd7 {[%clk 1:15:05]} 19. Qd2 {[%clk 0:32:37]} Nc5
{[%clk 1:12:37]} 20. Ra2 {[%clk 0:32:43]} Rfd8 {[%clk 1:11:59]} 21. Bc2
{[%clk 0:31:25]} Be5 {[%clk 1:06:02]} 22. Qc3 {[%clk 0:31:06]} Bxf3
{[%clk 1:00:32]} 23. Rha1 {[%clk 0:28:19]} Be4 {[%clk 1:00:42]} 24. Rd1
{[%clk 0:27:39]} Qe7 {[%clk 0:59:04]} 25. b4 {[%clk 0:25:57]} Bxc2
{[%clk 0:58:06]} 26. Qxc2 {[%clk 0:25:57]} Qf6+ {[%clk 0:56:29]} 27. Nf3
{[%clk 0:26:17]} Rxd1 {[%clk 0:56:35]} 28. Qxd1 {[%clk 0:26:45]} Ne4+
{[%clk 0:56:53]} 29. Kg2 {[%clk 0:26:44]} Nc3 {[%clk 0:57:03]} 30. Qa1
{[%clk 0:26:22]} Nxa2 {[%clk 0:56:44]} 31. Qxa2 {[%clk 0:26:02]} Bc3
{[%clk 0:54:07]} 32. b5 {[%clk 0:24:17]} Qd8 {[%clk 0:48:52]} 33. b6
{[%clk 0:23:10]} Qd7 {[%clk 0:45:53]} 34. Qb3 {[%clk 0:22:37]} Bf6
{[%clk 0:46:01]} 35. c5 {[%clk 0:15:09]} Qc6 {[%clk 0:45:48]} 36. Qa3
{[%clk 0:13:50]} a5 {[%clk 0:43:10]} 37. Kf2 {[%clk 0:13:10]} a4 {[%clk 0:42:04]}
38. Nd4 {[%clk 0:12:05]} Bxd4 {[%clk 0:33:21]} 39. Bxd4 {[%clk 0:12:34]} Ra5
{[%clk 0:29:33]} 40. Qf3 {[%clk 0:08:13]} Rxc5 {[%clk 0:26:14]} 41. Qxc6
{[%clk 0:07:53]} Rxc6 {[%clk 0:26:30]} 42. b7 {[%clk 0:08:05]} Rc2+
{[%clk 0:26:30]} 43. Ke3 {[%clk 0:07:55]} Rxh2 {[%clk 0:26:18]} 44. b8=Q+
{[%clk 0:08:14]} Kh7 {[%clk 0:26:38]} 45. Qb1+ {[%clk 0:08:24]} Kg8
{[%clk 0:26:47]} 46. Qa1 {[%clk 0:08:41]} Rh3 {[%clk 0:26:17]} 47. Kf3
{[%clk 0:09:04]} f6 {[%clk 0:24:55]} 48. Qxa4 {[%clk 0:09:22]} e5
{[%clk 0:24:19]} 49. Qe8+ {[%clk 0:09:27]} Kh7 {[%clk 0:24:41]} 50. Kg2
{[%clk 0:09:52]} Rxg3+ {[%clk 0:24:28]} 51. Kxg3 {[%clk 0:10:06]} exd4
{[%clk 0:24:47]} 52. Kg4 {[%clk 0:10:28]} d3 {[%clk 0:24:58]} 53. Kh5
{[%clk 0:10:50]} d2 {[%clk 0:25:01]} 54. Qe4+ {[%clk 0:11:04]} Kg8
{[%clk 0:25:14]} 55. Kg6 {[%clk 0:11:19]} d1=Q {[%clk 0:24:49]} 56. Qe8# 1-0

[Event "EYCC 2024 - O10"]
[Site "?"]
[Date "2024.08.30"]
[Round "8.10"]
[White "Melkonyan, Davit"]
[Black "Fuentes De Nova, Sebastian"]
[Result "1-0"]
[BlackElo "1896"]
[WhiteElo "1655"]
[LiveChessVersion "1.4.8"]

1. e4 {[%clk 1:30:56]} e5 {[%clk 1:30:32]} 2. Nf3 {[%clk 1:31:17]} Nc6
{[%clk 1:30:42]} 3. Bb5 {[%clk 1:31:35]} a6 {[%clk 1:30:46]} 4. Ba4
{[%clk 1:29:43]} Nf6 {[%clk 1:31:03]} 5. d3 {[%clk 1:29:59]} b5 {[%clk 1:31:13]}
6. Bb3 {[%clk 1:30:18]} d6 {[%clk 1:31:28]} 7. c3 {[%clk 1:17:28]} Bg4
{[%clk 1:26:14]} 8. h3 {[%clk 1:11:55]} Bh5 {[%clk 1:24:58]} 9. O-O
{[%clk 1:09:15]} Be7 {[%clk 1:22:56]} 10. Re1 {[%clk 1:06:58]} O-O
{[%clk 1:21:44]} 11. Nbd2 {[%clk 1:05:08]} d5 {[%clk 1:09:19]} 12. exd5
{[%clk 0:59:37]} Nxd5 {[%clk 1:09:05]} 13. Ne4 {[%clk 0:53:02]} Nf6
{[%clk 1:05:59]} 14. Qe2 {[%clk 0:41:09]} Re8 {[%clk 0:59:26]} 15. Be3
{[%clk 0:36:49]} Nxe4 {[%clk 0:57:47]} 16. dxe4 {[%clk 0:36:55]} Na5
{[%clk 0:57:49]} 17. Rad1 {[%clk 0:36:22]} Qc8 {[%clk 0:57:02]} 18. Bc2
{[%clk 0:36:09]} Nc4 {[%clk 0:55:28]} 19. Bc1 {[%clk 0:33:53]} Bd6 20. b3
{[%clk 0:31:27]} Nb6 {[%clk 0:45:10]} 21. Be3 {[%clk 0:31:12]} Rb8
{[%clk 0:44:42]} 22. g4 {[%clk 0:27:36]} Bg6 {[%clk 0:42:59]} 23. Nh4
{[%clk 0:27:16]} Nd7 {[%clk 0:37:52]} 24. Nf5 {[%clk 0:26:25]} Bxf5
{[%clk 0:35:14]} 25. exf5 {[%clk 0:25:32]} Qb7 {[%clk 0:12:27]} 26. f3
{[%clk 0:24:45]} Nf6 {[%clk 0:12:09]} 27. g5 {[%clk 0:22:20]} Nh5
{[%clk 0:11:34]} 28. Qg2 {[%clk 0:16:39]} Qc6 {[%clk 0:07:16]} 29. Be4
{[%clk 0:15:03]} Qxc3 {[%clk 0:06:34]} 30. Rc1 {[%clk 0:12:51]} Qa5
{[%clk 0:06:37]} 31. g6 {[%clk 0:12:36]} Nf6 {[%clk 0:02:39]} 32. gxh7+
{[%clk 0:12:38]} Kxh7 {[%clk 0:02:45]} 33. Kh1 {[%clk 0:11:48]} Rg8
{[%clk 0:00:50]} 34. Qg5 {[%clk 0:11:34]} Kh8 {[%clk 0:01:05]} 35. Rg1
{[%clk 0:10:16]} Nh7 {[%clk 0:00:31]} 36. Qh5 {[%clk 0:09:51]} Rbe8 37. Rg4
{[%clk 0:09:01]} Be7 {[%clk 0:00:48]} 38. f6 {[%clk 0:09:19]} g6 {[%clk 0:01:05]}
39. Qxh7+ {[%clk 0:09:42]} Kxh7 {[%clk 0:01:20]} 40. Rh4# {[%clk 0:10:09]} 1-0

[Event "EYCC 2024 - O10"]
[Site "?"]
[Date "2024.08.30"]
[Round "8.11"]
[White "Shabunin, Oleksandr"]
[Black "Chen, Chicheng Leon"]
[Result "0-1"]
[BlackElo "1863"]
[WhiteElo "1656"]
[LiveChessVersion "1.4.8"]

1. e4 {[%clk 1:30:53]} c5 {[%clk 1:30:54]} 2. Ne2 {[%clk 1:31:02]} Nf6
{[%clk 1:31:08]} 3. Nbc3 {[%clk 1:30:13]} d5 {[%clk 1:31:23]} 4. exd5
{[%clk 1:30:15]} Nxd5 {[%clk 1:29:58]} 5. g3 {[%clk 1:29:44]} Nxc3
{[%clk 1:30:23]} 6. Nxc3 {[%clk 1:29:53]} h5 {[%clk 1:30:48]} 7. d3
{[%clk 1:21:35]} Bg4 {[%clk 1:31:14]} 8. f3 {[%clk 1:20:24]} Bd7 {[%clk 1:24:13]}
9. Be3 {[%clk 1:19:26]} e6 {[%clk 1:23:23]} 10. Qd2 {[%clk 1:16:44]} h4
{[%clk 1:17:38]} 11. g4 {[%clk 1:14:36]} Bc6 {[%clk 1:16:30]} 12. Be2
{[%clk 1:13:53]} Nd7 {[%clk 1:14:50]} 13. O-O-O {[%clk 1:06:56]} Qc7
{[%clk 1:11:26]} 14. Ne4 {[%clk 0:58:18]} O-O-O {[%clk 1:07:41]} 15. Qc3
{[%clk 0:51:08]} Bd5 {[%clk 1:05:04]} 16. Qa3 {[%clk 0:38:04]} b6
{[%clk 1:00:26]} 17. c4 {[%clk 0:33:54]} Bc6 {[%clk 0:55:01]} 18. Kb1
{[%clk 0:28:55]} Kb7 {[%clk 0:49:17]} 19. Qc3 {[%clk 0:28:29]} f6
{[%clk 0:31:30]} 20. f4 {[%clk 0:15:39]} Be7 {[%clk 0:25:42]} 21. Rhg1
{[%clk 0:14:22]} Rde8 {[%clk 0:18:04]} 22. Qd2 {[%clk 0:09:22]} f5
{[%clk 0:09:16]} 23. gxf5 {[%clk 0:08:48]} exf5 {[%clk 0:09:40]} 24. Ng5
{[%clk 0:07:32]} Bf6 {[%clk 0:08:54]} 25. Bf3 {[%clk 0:06:25]} Re7
{[%clk 0:07:13]} 26. Bxc6+ {[%clk 0:03:46]} Qxc6 {[%clk 0:07:21]} 27. Bf2
{[%clk 0:03:02]} Rhe8 {[%clk 0:07:07]} 28. Rde1 {[%clk 0:03:01]} Rxe1+
{[%clk 0:07:22]} 29. Rxe1 {[%clk 0:03:09]} Rxe1+ {[%clk 0:06:53]} 30. Bxe1
{[%clk 0:02:29]} Bxg5 {[%clk 0:05:55]} 31. fxg5 {[%clk 0:02:51]} h3
{[%clk 0:05:57]} 32. Qe2 {[%clk 0:01:35]} f4 {[%clk 0:00:55]} 33. Qg4
{[%clk 0:01:11]} Ne5 {[%clk 0:00:44]} 34. Qe2 {[%clk 0:00:36]} Qd6
{[%clk 0:00:59]} 35. Kc2 {[%clk 0:00:45]} Nc6 {[%clk 0:00:58]} 36. Bc3
{[%clk 0:00:42]} f3 {[%clk 0:01:05]} 37. Qf2 {[%clk 0:00:48]} g6 {[%clk 0:01:19]}
38. a3 {[%clk 0:01:00]} Qf4 {[%clk 0:01:18]} 39. Bf6 {[%clk 0:00:53]} Qg4
{[%clk 0:01:29]} 40. Kd2 {[%clk 0:00:45]} Qg2 {[%clk 0:01:33]} 41. Ke1
{[%clk 0:00:39]} Nd4 {[%clk 0:01:11]} 42. Bxd4 {[%clk 0:00:35]} cxd4
{[%clk 0:01:31]} 43. b4 {[%clk 0:00:54]} Kc6 {[%clk 0:01:24]} 44. a4
{[%clk 0:00:39]} a5 {[%clk 0:01:18]} 45. bxa5 {[%clk 0:00:44]} bxa5
{[%clk 0:01:37]} 46. Qf1 {[%clk 0:00:54]} Kc5 {[%clk 0:01:41]} 47. Qf2
{[%clk 0:00:46]} Kb4 {[%clk 0:01:33]} 48. c5 {[%clk 0:00:35]} Kxc5
{[%clk 0:01:54]} 49. Qf1 {[%clk 0:00:39]} Kb4 {[%clk 0:02:07]} 50. Qf2
{[%clk 0:00:56]} Qxf2+ {[%clk 0:02:30]} 51. Kxf2 {[%clk 0:01:19]} Kxa4
{[%clk 0:02:53]} 52. Kxf3 {[%clk 0:01:42]} Kb4 {[%clk 0:03:17]} 53. Ke4
{[%clk 0:02:04]} a4 {[%clk 0:03:35]} 54. Kxd4 {[%clk 0:02:28]} a3
{[%clk 0:03:45]} 55. Ke5 {[%clk 0:02:51]} a2 {[%clk 0:04:00]} 56. Kf6
{[%clk 0:03:13]} a1=Q+ {[%clk 0:04:10]} 57. Kxg6 {[%clk 0:03:35]} Qh1
{[%clk 0:04:23]} 58. Kf7 {[%clk 0:03:59]} Qxh2 {[%clk 0:04:48]} 59. g6
{[%clk 0:04:18]} Qf4+ {[%clk 0:05:13]} 60. Ke7 {[%clk 0:04:27]} Qg5+
{[%clk 0:05:28]} 61. Kf7 {[%clk 0:04:43]} h2 {[%clk 0:05:50]} 62. g7
{[%clk 0:05:08]} h1=Q {[%clk 0:06:13]} 63. g8=Q {[%clk 0:05:19]} Qhd5+
{[%clk 0:06:36]} 64. Ke8 {[%clk 0:05:23]} Qgxg8+ {[%clk 0:06:54]} 65. Ke7
{[%clk 0:05:18]} Qgf7# 0-1

[Event "EYCC 2024 - O10"]
[Site "?"]
[Date "2024.08.30"]
[Round "8.12"]
[White "Torres, Lucas"]
[Black "Nagy, Norbert"]
[Result "1-0"]
[BlackElo "1757"]
[WhiteElo "1861"]
[LiveChessVersion "1.4.8"]

1. e4 {[%clk 1:30:58]} c5 {[%clk 1:30:54]} 2. Be2 {[%clk 1:31:25]} e6
{[%clk 1:30:54]} 3. d3 {[%clk 1:31:41]} Nc6 {[%clk 1:31:19]} 4. f4
{[%clk 1:32:00]} d5 {[%clk 1:31:39]} 5. Nf3 {[%clk 1:32:12]} dxe4
{[%clk 1:29:16]} 6. dxe4 {[%clk 1:32:33]} Qxd1+ {[%clk 1:29:33]} 7. Bxd1
{[%clk 1:32:51]} Nf6 {[%clk 1:29:47]} 8. e5 {[%clk 1:30:29]} Nd5 {[%clk 1:30:02]}
9. c3 {[%clk 1:30:30]} b6 {[%clk 1:30:12]} 10. a4 {[%clk 1:30:00]} a5
{[%clk 1:29:51]} 11. O-O {[%clk 1:26:54]} Be7 {[%clk 1:27:21]} 12. Na3
{[%clk 1:26:46]} O-O {[%clk 1:22:34]} 13. Bc2 {[%clk 1:20:55]} Ba6
{[%clk 1:18:22]} 14. Re1 {[%clk 1:18:17]} Rfd8 {[%clk 1:18:14]} 15. Be4
{[%clk 1:13:43]} Rac8 {[%clk 1:17:14]} 16. Bd2 {[%clk 1:02:17]} c4
{[%clk 1:16:08]} 17. Nc2 {[%clk 0:53:01]} Bb7 {[%clk 1:05:50]} 18. Kh1
{[%clk 0:46:02]} Nb8 {[%clk 1:04:26]} 19. Ne3 {[%clk 0:30:31]} Na6
{[%clk 1:03:51]} 20. Nxd5 {[%clk 0:28:45]} Bxd5 {[%clk 1:03:32]} 21. Bxd5
{[%clk 0:27:51]} Rxd5 {[%clk 1:02:51]} 22. Be3 {[%clk 0:26:57]} Bc5
{[%clk 1:02:55]} 23. Nd4 {[%clk 0:25:58]} Bxd4 {[%clk 1:03:14]} 24. Bxd4
{[%clk 0:26:06]} Nc5 {[%clk 1:03:20]} 25. Bxc5 {[%clk 0:21:00]} Rcxc5
{[%clk 1:02:16]} 26. Red1 {[%clk 0:16:11]} Kf8 {[%clk 1:02:34]} 27. Kg1
{[%clk 0:16:29]} Ke7 {[%clk 1:03:01]} 28. Kf2 {[%clk 0:16:01]} f6
{[%clk 1:02:35]} 29. exf6+ {[%clk 0:14:23]} Kxf6 {[%clk 1:01:00]} 30. Rd4
{[%clk 0:07:08]} Rxd4 {[%clk 0:59:55]} 31. cxd4 {[%clk 0:07:31]} Rc6
{[%clk 1:00:06]} 32. Rc1 {[%clk 0:07:16]} Ke7 {[%clk 0:51:25]} 33. b3
{[%clk 0:04:07]} c3 {[%clk 0:51:42]} 34. Ke3 {[%clk 0:04:25]} Kd6
{[%clk 0:43:49]} 35. Kd3 {[%clk 0:04:42]} Kd5 {[%clk 0:43:58]} 36. Rxc3
{[%clk 0:04:48]} Rxc3+ {[%clk 0:44:22]} 37. Kxc3 {[%clk 0:05:02]} Ke4
{[%clk 0:44:36]} 38. g3 {[%clk 0:04:08]} Kf3 {[%clk 0:43:48]} 39. f5
{[%clk 0:04:09]} exf5 {[%clk 0:40:52]} 40. d5 {[%clk 0:04:33]} Kg2
{[%clk 0:41:07]} 41. d6 {[%clk 0:04:56]} Kxh2 {[%clk 0:41:15]} 42. d7
{[%clk 0:05:20]} Kxg3 {[%clk 0:41:33]} 43. d8=Q {[%clk 0:05:42]} h6
{[%clk 0:41:46]} 44. Qd3+ {[%clk 0:05:59]} Kg4 {[%clk 0:42:09]} 45. Qd4+
{[%clk 0:06:01]} Kf3 {[%clk 0:42:29]} 46. Qxg7 {[%clk 0:05:42]} f4
{[%clk 0:42:30]} 47. Qxh6 {[%clk 0:05:50]} Kg3 {[%clk 0:42:44]} 48. Kd3
{[%clk 0:06:10]} f3 {[%clk 0:43:08]} 49. Ke3 {[%clk 0:06:21]} f2 {[%clk 0:43:26]}
50. Qf4+ {[%clk 0:06:34]} Kg2 {[%clk 0:43:46]} 51. Qxf2+ {[%clk 0:06:30]} Kh1
{[%clk 0:44:03]} 52. Kf3 {[%clk 0:06:44]} b5 {[%clk 0:44:22]} 53. Qg2#
{[%clk 0:07:13]} 1-0

[Event "EYCC 2024 - O10"]
[Site "?"]
[Date "2024.08.30"]
[Round "8.13"]
[White "Caballero Mogilnikov, Liam"]
[Black "Toumpakaris, Grigorios Emmanouil"]
[Result "1/2-1/2"]
[BlackElo "1710"]
[WhiteElo "1846"]
[LiveChessVersion "1.4.8"]

1. e4 {[%clk 1:30:51]} e5 {[%clk 1:30:58]} 2. Nf3 {[%clk 1:30:53]} Nc6
{[%clk 1:31:25]} 3. Bb5 {[%clk 1:30:29]} Nd4 {[%clk 1:31:48]} 4. Nxd4
{[%clk 1:30:25]} exd4 {[%clk 1:32:15]} 5. Bc4 {[%clk 1:29:00]} Qh4
{[%clk 1:31:48]} 6. d3 {[%clk 1:25:35]} Bc5 {[%clk 1:26:03]} 7. Nd2
{[%clk 1:20:26]} d6 {[%clk 1:21:42]} 8. Nf3 {[%clk 1:17:42]} Qe7 {[%clk 1:17:25]}
9. Bd2 {[%clk 1:12:35]} Bg4 {[%clk 1:13:41]} 10. h3 {[%clk 1:09:29]} Be6
{[%clk 1:10:34]} 11. Bxe6 {[%clk 0:56:40]} Qxe6 {[%clk 1:06:34]} 12. Qe2
{[%clk 0:52:32]} Ne7 {[%clk 1:02:42]} 13. Ng5 {[%clk 0:45:48]} Qg6
{[%clk 0:58:42]} 14. f4 {[%clk 0:43:11]} h6 {[%clk 0:56:15]} 15. f5
{[%clk 0:37:20]} Qf6 {[%clk 0:56:19]} 16. Nf3 {[%clk 0:36:50]} Nc6
{[%clk 0:54:28]} 17. g4 {[%clk 0:31:25]} Ne5 {[%clk 0:50:22]} 18. h4
{[%clk 0:26:29]} Nxg4 {[%clk 0:40:44]} 19. O-O-O {[%clk 0:24:42]} O-O-O
{[%clk 0:38:40]} 20. Rhg1 {[%clk 0:23:46]} Ne5 {[%clk 0:37:49]} 21. h5
{[%clk 0:19:05]} Rhg8 {[%clk 0:36:44]} 22. Rdf1 {[%clk 0:16:43]} Rde8
{[%clk 0:34:40]} 23. Bf4 {[%clk 0:12:48]} Qe7 {[%clk 0:30:57]} 24. Qg2
{[%clk 0:09:49]} f6 {[%clk 0:26:19]} 25. Nh4 {[%clk 0:08:43]} Qf7
{[%clk 0:25:41]} 26. Kb1 {[%clk 0:08:21]} Qxh5 {[%clk 0:23:33]} 27. Ng6
{[%clk 0:07:35]} Nxg6 {[%clk 0:23:54]} 28. fxg6 {[%clk 0:07:38]} Bb6
{[%clk 0:23:29]} 29. Bd2 {[%clk 0:06:57]} Qb5 {[%clk 0:22:57]} 30. Qg4+
{[%clk 0:06:12]} Kb8 {[%clk 0:22:45]} 31. Rf5 {[%clk 0:05:31]} Qd7
{[%clk 0:22:54]} 32. Qf3 {[%clk 0:05:33]} Re5 {[%clk 0:22:17]} 33. Rh1
{[%clk 0:04:14]} Rxf5 {[%clk 0:21:29]} 34. exf5 {[%clk 0:04:13]} Re8
{[%clk 0:20:45]} 35. Re1 {[%clk 0:03:54]} Rxe1+ {[%clk 0:19:31]} 36. Bxe1
{[%clk 0:04:15]} Qe7 {[%clk 0:19:16]} 37. Bd2 {[%clk 0:04:29]} a6
{[%clk 0:18:25]} 38. a4 {[%clk 0:04:30]} Kc8 {[%clk 0:16:30]} 39. Qd5
{[%clk 0:03:01]} 1/2-1/2

[Event "EYCC 2024 - O10"]
[Site "?"]
[Date "2024.08.30"]
[Round "8.14"]
[White "Czech, Emil"]
[Black "Guirado Lara, Pablo"]
[Result "1/2-1/2"]
[BlackElo "1815"]
[WhiteElo "1588"]
[LiveChessVersion "1.4.8"]

1. e4 {[%clk 1:30:58]} c5 {[%clk 1:30:58]} 2. Nf3 {[%clk 1:31:21]} e6
{[%clk 1:31:24]} 3. d4 {[%clk 1:31:39]} cxd4 {[%clk 1:31:50]} 4. Nxd4
{[%clk 1:32:01]} Nc6 {[%clk 1:32:15]} 5. a3 {[%clk 1:32:16]} Nf6 {[%clk 1:32:22]}
6. Nc3 {[%clk 1:32:23]} Qc7 {[%clk 1:23:08]} 7. Be3 {[%clk 1:23:58]} Be7
{[%clk 1:11:00]} 8. Be2 {[%clk 1:12:55]} O-O {[%clk 1:04:33]} 9. O-O
{[%clk 1:11:58]} d6 {[%clk 0:56:16]} 10. Kh1 {[%clk 1:05:18]} Bd7
{[%clk 0:53:11]} 11. f4 {[%clk 0:56:30]} Nxd4 {[%clk 0:49:43]} 12. Bxd4
{[%clk 0:55:31]} Bc6 {[%clk 0:48:43]} 13. Bf3 {[%clk 0:42:25]} Rfd8
{[%clk 0:40:16]} 14. Qe2 {[%clk 0:41:25]} d5 {[%clk 0:36:30]} 15. e5
{[%clk 0:35:56]} Nd7 {[%clk 0:32:45]} 16. b4 {[%clk 0:31:24]} Nb6
{[%clk 0:28:49]} 17. f5 {[%clk 0:23:13]} exf5 {[%clk 0:24:32]} 18. Bxb6
{[%clk 0:22:17]} Qxb6 {[%clk 0:21:23]} 19. b5 {[%clk 0:22:32]} Qc5
{[%clk 0:15:56]} 20. bxc6 {[%clk 0:18:51]} Qxc3 {[%clk 0:15:59]} 21. cxb7
{[%clk 0:19:01]} Rab8 {[%clk 0:16:24]} 22. Qa6 {[%clk 0:17:55]} Qxe5
{[%clk 0:16:04]} 23. Qxa7 {[%clk 0:17:54]} Qc7 {[%clk 0:15:18]} 24. Rab1
{[%clk 0:14:26]} Qxc2 {[%clk 0:12:55]} 25. Rfc1 {[%clk 0:13:07]} Qd3
{[%clk 0:13:04]} 26. Rd1 {[%clk 0:12:48]} Qc2 {[%clk 0:10:39]} 27. Rbc1
{[%clk 0:11:22]} 1/2-1/2

[Event "EYCC 2024 - O10"]
[Site "?"]
[Date "2024.08.30"]
[Round "8.15"]
[White "Zhang, Yiming"]
[Black "Mammadov, Jamal"]
[Result "1-0"]
[BlackElo "1614"]
[WhiteElo "1810"]
[LiveChessVersion "1.4.8"]

1. e4 {[%clk 1:30:59]} e5 {[%clk 1:30:47]} 2. Nf3 {[%clk 1:31:25]} Nf6
{[%clk 1:31:10]} 3. Nxe5 {[%clk 1:31:48]} d6 {[%clk 1:31:25]} 4. Nf3
{[%clk 1:31:57]} Nxe4 {[%clk 1:31:42]} 5. d4 {[%clk 1:32:21]} d5 {[%clk 1:31:54]}
6. Bd3 {[%clk 1:32:33]} Bd6 {[%clk 1:27:28]} 7. O-O {[%clk 1:32:55]} O-O
{[%clk 1:27:54]} 8. Re1 {[%clk 1:33:19]} Re8 {[%clk 1:26:41]} 9. c4
{[%clk 1:27:14]} c6 {[%clk 1:26:56]} 10. Nbd2 {[%clk 1:26:56]} Nxd2
{[%clk 1:24:14]} 11. Bxd2 {[%clk 1:26:31]} Bg4 {[%clk 1:24:04]} 12. Rxe8+
{[%clk 1:26:50]} Qxe8 {[%clk 1:24:12]} 13. Bxh7+ {[%clk 1:26:56]} Kxh7
{[%clk 1:20:26]} 14. Ng5+ {[%clk 1:27:00]} Kg8 {[%clk 1:16:12]} 15. Qxg4
{[%clk 1:27:20]} f6 {[%clk 1:14:06]} 16. Re1 {[%clk 1:21:21]} Qd7
{[%clk 1:11:38]} 17. Ne6 {[%clk 1:17:51]} dxc4 {[%clk 1:07:00]} 18. f4
{[%clk 0:59:41]} Na6 {[%clk 0:52:36]} 19. a3 {[%clk 0:58:44]} Re8
{[%clk 0:47:49]} 20. f5 {[%clk 0:59:04]} Nc7 {[%clk 0:44:45]} 21. h4
{[%clk 0:54:21]} Nxe6 {[%clk 0:35:52]} 22. fxe6 {[%clk 0:53:33]} Qd8
{[%clk 0:36:08]} 23. h5 {[%clk 0:52:45]} Bc7 {[%clk 0:35:57]} 24. h6
{[%clk 0:51:08]} Re7 {[%clk 0:35:44]} 25. Rf1 {[%clk 0:45:58]} Qd6
{[%clk 0:33:04]} 26. Bb4 {[%clk 0:43:41]} Qxe6 {[%clk 0:29:52]} 27. Qg6
{[%clk 0:39:14]} Qe3+ {[%clk 0:29:49]} 28. Kh1 {[%clk 0:39:35]} Rd7
{[%clk 0:29:59]} 29. Bd2 {[%clk 0:32:57]} Qg3 {[%clk 0:22:40]} 30. h7+
{[%clk 0:27:44]} Kh8 {[%clk 0:23:05]} 31. Qe8+ {[%clk 0:28:10]} Kxh7
{[%clk 0:23:27]} 32. Qh5+ {[%clk 0:28:06]} Kg8 {[%clk 0:23:38]} 33. Rf3
{[%clk 0:28:20]} Qh2+ {[%clk 0:22:14]} 34. Qxh2 {[%clk 0:28:35]} Bxh2
{[%clk 0:22:40]} 35. Kxh2 {[%clk 0:28:52]} Rxd4 {[%clk 0:23:06]} 36. Be3
{[%clk 0:29:06]} Rd5 {[%clk 0:20:55]} 37. Bxa7 {[%clk 0:28:49]} b5
{[%clk 0:20:57]} 38. Rf4 {[%clk 0:26:12]} Rd2 {[%clk 0:20:44]} 39. Bd4
{[%clk 0:26:05]} c5 {[%clk 0:19:30]} 40. Bc3 {[%clk 0:25:45]} Rc2
{[%clk 0:19:55]} 41. Kg3 {[%clk 0:23:07]} Kf7 {[%clk 0:18:45]} 42. Rf2
{[%clk 0:22:50]} Rc1 {[%clk 0:18:24]} 43. Rf5 {[%clk 0:22:56]} b4
{[%clk 0:14:58]} 44. axb4 {[%clk 0:23:02]} cxb4 {[%clk 0:15:24]} 45. Bxb4
{[%clk 0:23:24]} Rb1 {[%clk 0:15:11]} 46. Bc3 {[%clk 0:23:47]} Ra1
{[%clk 0:15:10]} 47. Rc5 {[%clk 0:21:19]} Ra4 {[%clk 0:14:57]} 48. Rc7+
{[%clk 0:21:26]} Ke6 {[%clk 0:12:55]} 49. Rxg7 {[%clk 0:21:42]} f5
{[%clk 0:12:40]} 50. Kf4 {[%clk 0:22:02]} 1-0

[Event "EYCC 2024 - O10"]
[Site "?"]
[Date "2024.08.30"]
[Round "8.16"]
[White "Gazic, Petar"]
[Black "Mironescu, Stefan"]
[Result "1-0"]
[BlackElo "1601"]
[WhiteElo "1801"]
[LiveChessVersion "1.4.8"]

1. e4 {[%clk 1:30:16]} c6 {[%clk 1:30:53]} 2. d4 {[%clk 1:30:35]} d5
{[%clk 1:31:13]} 3. Nc3 {[%clk 1:30:57]} dxe4 {[%clk 1:31:36]} 4. Nxe4
{[%clk 1:30:47]} Bf5 {[%clk 1:32:02]} 5. Ng3 {[%clk 1:31:07]} Bg6
{[%clk 1:32:19]} 6. h4 {[%clk 1:31:09]} h6 {[%clk 1:32:39]} 7. Nf3
{[%clk 1:30:25]} Nd7 {[%clk 1:32:07]} 8. h5 {[%clk 1:28:54]} Bh7 {[%clk 1:31:39]}
9. Bd3 {[%clk 1:29:16]} Bxd3 {[%clk 1:32:00]} 10. Qxd3 {[%clk 1:29:36]} Ngf6
{[%clk 1:31:32]} 11. Bd2 {[%clk 1:26:41]} e6 {[%clk 1:29:56]} 12. O-O-O
{[%clk 1:24:45]} Bd6 {[%clk 1:29:55]} 13. Rde1 {[%clk 1:13:50]} Bxg3
{[%clk 1:30:11]} 14. fxg3 {[%clk 1:12:41]} Qe7 {[%clk 1:29:45]} 15. Nh4
{[%clk 0:59:28]} O-O-O {[%clk 1:26:33]} 16. Qb3 {[%clk 0:54:30]} Nb6
{[%clk 1:19:50]} 17. Nf5 {[%clk 0:35:46]} Qd7 {[%clk 1:17:37]} 18. Nxg7
{[%clk 0:35:56]} Rdg8 {[%clk 1:14:47]} 19. Rhf1 {[%clk 0:35:07]} Nfd5
{[%clk 1:13:16]} 20. c4 {[%clk 0:34:52]} Nc7 {[%clk 1:13:10]} 21. Bf4
{[%clk 0:29:44]} Qxd4 {[%clk 1:07:02]} 22. Bxc7 {[%clk 0:29:24]} Nxc4
{[%clk 1:02:45]} 23. Rd1 {[%clk 0:21:49]} Qc5 {[%clk 0:24:57]} 24. Qc3
{[%clk 0:14:00]} Rh7 {[%clk 0:17:00]} 25. Rxf7 {[%clk 0:12:40]} Rhxg7
{[%clk 0:15:02]} 26. Rxg7 {[%clk 0:11:58]} Rxg7 {[%clk 0:15:21]} 27. Qxg7
{[%clk 0:11:03]} Qe3+ {[%clk 0:15:21]} 28. Kb1 {[%clk 0:10:39]} Qe4+
{[%clk 0:14:20]} 29. Ka1 {[%clk 0:10:34]} Nd2 {[%clk 0:14:28]} 30. Qf8+
{[%clk 0:10:25]} Kxc7 {[%clk 0:14:26]} 31. Qf4+ {[%clk 0:10:45]} Qxf4
{[%clk 0:14:34]} 32. gxf4 {[%clk 0:11:08]} Ne4 {[%clk 0:14:47]} 33. g4
{[%clk 0:11:19]} Nf2 {[%clk 0:15:09]} 34. g5 {[%clk 0:10:25]} Nxd1
{[%clk 0:15:17]} 35. g6 {[%clk 0:10:36]} Ne3 {[%clk 0:15:16]} 36. g7
{[%clk 0:10:54]} Nf5 {[%clk 0:15:38]} 37. g8=Q {[%clk 0:11:13]} Ne7
{[%clk 0:16:01]} 38. Qg7 {[%clk 0:11:29]} Kd6 {[%clk 0:16:27]} 39. Qxh6
{[%clk 0:11:45]} Nf5 {[%clk 0:16:51]} 40. Qf8+ {[%clk 0:11:17]} Kd5
{[%clk 0:17:11]} 41. h6 {[%clk 0:11:38]} Kd4 {[%clk 0:17:39]} 42. Qxf5
{[%clk 0:11:50]} Ke3 {[%clk 0:17:53]} 43. Qxe6+ {[%clk 0:12:02]} Kf2
{[%clk 0:18:14]} 44. f5 {[%clk 0:12:22]} Kf3 {[%clk 0:18:42]} 45. f6
{[%clk 0:12:41]} Kg2 {[%clk 0:19:05]} 46. Qf5 {[%clk 0:13:02]} Kh1
{[%clk 0:19:29]} 47. Qg4 {[%clk 0:13:18]} c5 {[%clk 0:19:57]} 48. h7
{[%clk 0:13:35]} c4 {[%clk 0:20:19]} 49. h8=R# {[%clk 0:13:57]} 1-0